000 00745nam a2200229Ia 4500
005 20230619092637.0
008 131103s9999 xx 000 0 und d
020 _aSBN 340025972
040 _aLoreto College
041 _aEnglish
082 _a940.53
_bNEA
100 _aNeave,Airey
245 _aSaturday at M.I.9
_b a history of underground escape line in North - West Europe in 1940 - 50 by leading organiser at M.I.9
_cAirey Neave
260 _aLondon
_bHodder and Stoughton
_c1969
300 _a327 p.
_b ill.,maps
504 _aIncludes bibliographical references and index
630 _aEurope - Modern History,1939 - 1945
650 _aModern History - 1939 - 1945
651 _aWorld War II
850 _aLCLIB
942 _cBK
999 _c4105
_d54584